00982nam a2200265Ia 450000500170000000800410001702000150005810000180007324501260009125000190021730000420023653400280027865000450030665000430035165000370039465000410043170000410047270000390051326400300055233600270058233700330060933800280064204000350067008400110070520220317000735.0160601s2004 sp a g 000 0 spa  a84488203391 aBrian, Janeen10aA dónde va el jueves? ctexto Janeen Brian; ilustraciones Stephen Michael King; traducción de raquel García pascual a1a. edición  a30 páginas bilustraciones c26 cm  tWhere does thursday go?142LEMBaÁlbumes infantiles australianos 142LEMBaLiteratura infantil australiana 142LEMBaAnimales en la literatura 142LEMBaCumpleaños en la literatura 1 aGarcía Pascual, Raqueletraductor 1 aKing, Stephen Michaeleilustrador  aBarcelona bBeascoac2004 atextobtxt2rdacontent asin mediaciónbn2rdamedia avolumenbnc2rdacarrier aCO-BoRNBPbspaerdacCO-BoRNBP aA BRI3